Normal view
MARC view
- Supervisor: Brig. Dr. Javaid Iqbal
Entry Personal Name
001 - CONTROL NUMBER
- control field: 69988
003 - CONTROL NUMBER IDENTIFIER
- control field: NUST
005 - DATE AND TIME OF LATEST TRANSACTION
- control field: 20210628204338.0
008 - FIXED-LENGTH DATA ELEMENTS
- fixed length control field: 210628|| aca||aabn | a|a d
040 ## - CATALOGING SOURCE
- Original cataloging agency: NUST
- Transcribing agency: NUST
100 ## - HEADING--PERSONAL NAME
- Personal name: Supervisor: Brig. Dr. Javaid Iqbal
670 ## - SOURCE DATA FOUND
- Source citation: Work cat.: (NUST): Anjum Naeem Malik 15745, TH-SOF-1373-EEG signal classification for predicting the movement intent of lower limb, 2017
